Países com mais pessoas fazendo fronteira com eles - Statistics

Estatísticas Gerais
  • Esse quiz foi jogado 37 vezes
  • A pontuação média é 15 de 21
Estatísticas das Respostas
População # Fronteiras País % Correto
2.17 bil 14 China
97%
1.59 bil 14 Russia
97%
1.62 bil 5 Cazaquistão
86%
1.94 bil 6 India
86%
3.02 bil 4 Paquistão
83%
1.52 bil 2 Bangladesh
79%
1.57 bil 2 Mongolia
79%
1.83 bil 6 Afeganistão
76%
2.89 bil 2 Nepal
72%
1.45 bil 3 Vietnã
72%
2.89 bil 2 Butão
69%
426 mil 10 França
66%
377 mil 7 Niger
66%
1.49 bil 4 Quirguistão
66%
3.14 bil 5 Myanmar
62%
1.51 bil 4 Tajiquistão
62%
454 mil 7 Irã
59%
370 mil 3 Mexico
59%
1.62 bil 3 Coreia do Norte
55%
1.67 bil 5 Laos
55%
414 mil 6 Sudão do Sul
7%
Nenhum quiz correspondente encontrado
Distribuição das Pontuações
Porcentagem de Pessoas com Cada Pontuação
Percentil de Números Respondidos
Sua Pontuação Histórica
Você não jogou esse quiz